ბათუმის შოთა რუსთაველის სახელმწიფო უნივერსიტეტის ბიბლიოთეკა

მეთოდური მითითებები, საკონტროლო დავალებები და მათი ამოხსნის ნიმუშები ელექტროტექნიკის თეორიულ საფუძვლებში : (ბიბ.ჩანაწერი № 58038)

000 -ლიდერი
ფიქსირებული სიგრძის საკონტროლო ველი 01254nam a22001817a 4500
003 - საკონტროლო ნომრის იდენტიფიკატორი
საკონტროლო ველი Ge_BSU
005 - ბოლო ოპერაციის თარიღი და დრო
საკონტროლო ველი 20210518161447.0
008 - ფიქსირებული სიგრძის მონაცემთა ელემენტები - ზოგადი ინფორმაცია
ფიქსირებული სიგრძის საკონტროლო ველი 210518s1979 ge ||||| |||| 00| 0 geo d
041 ## - ენის კოდი
Language code of text/sound track or separate title geo
080 ## - უნივერსალური ათობითი კლასიფიკაციის ინდექსი
Universal Decimal Classification number 612.3(072) მ-46
245 ## - ცნობა სათაურის შესახებ
Title მეთოდური მითითებები, საკონტროლო დავალებები და მათი ამოხსნის ნიმუშები ელექტროტექნიკის თეორიულ საფუძვლებში :
Remainder of title ელექტროტექნიკური სპეციალობების სტუდენტებისათვის /
Statement of responsibility, etc საქართველოს ვ. ი. ლენინის სახელობის პოლიტექნიკური ინსტიტუტი.
264 ## - წარმოების, გამოცემის, დისტრიბუციის და სხვა ცნობები
გამოცემის, წარმოების, დისტრიბუციის... ადგილი თბილისი,
გამოცემის, წარმოების, დისტრიბუციის... თარიღი 1979.
300 ## - ფიზიკური აღწერა
Extent 67 გვ.
Other physical details 20 სმ.
653 ## - INDEX TERM--UNCONTROLLED
Uncontrolled term ელექტროტექნიკა
653 ## - INDEX TERM--UNCONTROLLED
Uncontrolled term მეთოდური მითითებები
710 ## - ADDED ENTRY--CORPORATE NAME
Corporate name or jurisdiction name as entry element საქართველოს ვ. ი. ლენინის სახელობის პოლიტექნიკური ინნსტიტუტი.
9 (RLIN) 11833
942 ## - ADDED ENTRY ELEMENTS (KOHA)
Source of classification or shelving scheme
Koha item type წიგნი
ეგზემპლარები
ჩამოწერის სტატუსი დაკარგული ეგზემპლარის სტატუსი კლასიფიკაციის წყარო ან თაროზე გაწყობის სქემა დაზიანების სტატუსი არ გაიცემა მუდმივი მდებარეობა (დაცვის ადგილი) ამჟამინდელი ადგილსამყოფელი თაროზე განთავსების ადგილი შეძენის თარიღი ღირებულება, შესყიდვის ნორმალური ფასი სრული შენახვის შიფრი შტრიხკოდი ბოლო ოპერაციის თარიღი ეგზემპლარის მიმდევრობითი ნომერი (კეტერი?) ფასის ძალაში შესვლის თარიღი ეგზემპლარის სახეობა საჯარო შენიშვნა
          ტექნოლოგიური ფაკულტეტის ბიბლიოთეკა ტექნოლოგიური ფაკულტეტის ბიბლიოთეკა წიგნსაცავი 2021-05-18 1.00 612.3(072) მ-46 61340 2021-05-18 61340 2021-05-18 წიგნი 1 ლ.